000 00529nam a2200205Ia 4500
005 20250923150102.0
008 008 250917s9999 xx 000 0 eng d
037 _aTextual
040 _aDSWL
_beng
_cDSWL
041 _aeng
_2eng
084 _qDSWL
100 _aHeally, L M
_9842067
245 0 _aInternational social work
_c by L M Heally
260 _aNew York
_b Oxford University Press
_c2001
300 _a314p.
365 _aINR
_b2359.22
925 _g2359.22
942 _cTEXL
999 _c1459390
_d1459390